E o espantalho acreditou (Registo nº 4644)

Detalhes MARC
000 -Etiqueta do registo
Cabeçalho 00693nam0a2200229 4500
005 - Identificador da versão
Campo de controlo 20240813122108.0
100 ## - Dados gerais de processamento
Dados gerais de processamento 20171128d1987 m y0pory5003 ba
102 ## - Pais de publicação ou produção
País de publicação Portugal
101 0# - Língua de publicação
Língua do texto, banda sonora, etc. Português
215 ## - Descrição física 
Indicação específica da natureza do documento e extensão da espécie [16] p.
Outras indicações físicas il. color
200 1# - Titulo e menção de responsabilidade
Título próprio E o espantalho acreditou
Primeira menção de responsabilidade Alexandre Honrado
Outras menções de responsabilidade il. Patrícia Garrido
225 1# - Colecção 
Título próprio da colecção Sete estrelas
Indicação de volume 20
210 ## - Publicação, Distribuição, etc. 
Lugar da edição, distribuição, etc. [S. l.]
Nome do editor, distribuidor, etc. Livros Horizonte
Data da publicação, distribuição, etc. [1987?]
Data da impressão imp. 1987
606 ## - Nome comum usado como assunto
Número de registo de entrada de autoridade 0001984
Palavra de ordem Literatura portuguesa
Subdivisão de assunto Novela
Código do sistema CA
675 ## - Classificação Decimal Universal (CDU)
Notação 821.134.3-34
Edição 3ª ed.
Língua da edição por
702 #1 - Nome de autor-pessoa física (responsabilidade secundária)
Número de registo de entrada de autoridade 0000147
Palavra de ordem Garrido
Outra parte do nome não tomada para palavra de ordem Patrícia
Código de função Ilustrador / Técnico de desenho computorizado
700 #1 - Nome de autor-pessoa física (responsabilidade principal)
Número de registo de entrada de autoridade 0000423
Palavra de ordem Honrado
Outra parte do nome não tomada para palavra de ordem Alexandre
Datas 1960-
966 ## - Identificação da Biblioteca
Sigla EBVEN
942 ## - Elementos de entrada adicionados (Koha)
Tipo de item no Koha Livro
Exemplares
Situação do levantamento Origin of item (home branch) (coded) Biblioteca de empréstimo Código de barras Cota Data de devolução Circulation type (not for loan) Tipo de documento Nota do exemplar Damaged status
  Biblioteca Escolar das Vendas Biblioteca Escolar das Vendas BEV992 8POR HON     Livro Sem mensagem